01321nam a2200313 i 4500001000700000003000900007005001700016007000300033008004100036020001800077080000600095100003200101245025400133260005900387300002300446490002400469490003700493500004300530500003800573650003700611700003900648700004000687700002900727830003200756830004500788852003300833999001900866952012200885133555ES-MaACL20250804044437.0t|070821s1999 fr ||||1| fre d a2-253-13241-1 a11 aLaërce, Diogène.96945510aVies et doctrines des philosphes illustres / cDiogène Laërce ; traduction francaise sous la direction de Marie-Odile Goulet-Cazé ; introductions, traductions et notes de J.-F. Balaudé ... [et al.] ; avec la collaboration de Michel Patillon. aParis : bLibrairie Générale Française, c[1999] a1398 p. ; c19 cm.1 aClassiques Modernes1 aLe livre de Poche. La Pochoteque aBiblioteca Jacinto Martínez Lacalle. aBibliografía: p. 29-31. Indice. 7aFilosofía griega2embne9128491 agoulet-Gazé, Marie-Odile.9593461 aBalaudé, Jean-François.91411311 aPatillon, Michel.9895710 aClassiques Modernes92197530 aLe livre de Poche. La Pochoteque9219754 aES-MaACLjE-11982 bR.139892 c133555d133555 00104070aATENEOMbATENEOMcDEPO2d2008-01-17eSCl0oE-11982p1139034r2023-02-23 00:00:00w2023-02-23yMONOGRAFIA